Les 20 préfectures les plus proches de Saint-Lo - Statistiques

Statistiques générales
  • Ce quiz a été pris 119 fois
  • Le résultat moyen est 17 sur 20
Statistiques - réponses
distance (en km) ville préfecture % Correct
120 Rennes
98%
53 Caen
97%
251 Paris
94%
163 Rouen
94%
156 Le Mans
93%
187 Angers
90%
214 Nantes
90%
119 Laval
87%
254 Quimper
84%
115 Alencon
83%
233.01 Tours
82%
238 Versailles
82%
164 Evreux
81%
139 Saint Brieuc
81%
203 Chartres
80%
204 Vannes
79%
247 Blois
73%
233.08 Beauvais
70%
228 Cergy Pontoise
66%
242 Nanterre
63%
Aucun quiz correspondant
Distribution des résultats
% des personnes avec chaque résultat
Percentile par nombre de réponses
Votre historique - résultats
Vous n’avez pas pris ce quiz